| 000 | 00847nam a2200193Ia 4500 | ||
|---|---|---|---|
| 008 | 151121s9999||||xx |||||||||||||| ||und|| | ||
| 082 | _a804/ | ||
| 082 | _bHNW-65752 | ||
| 100 | _aप्रकाशक | ||
| 245 | _aप्रदक्षिणा:खंड-2 स्वातंत्र्योत्तर मराठी। । । । | ||
| 260 | _b"कॉन्टिनेंन्टल प्रकाशन, पुणे।" | ||
| 260 | _c-- | ||
| 300 | _a321 | ||
| 600 | _aप्रकाशक | ||
| 630 | _aप्रदक्षिणा:खंड-2 स्वातंत्र्योत्तर मराठी। । । । | ||
| 700 | _aप्रकाशक | ||
| 730 | _aप्रदक्षिणा:खंड-2 स्वातंत्र्योत्तर मराठी। । । । | ||
| 942 | _cBOOK | ||
| 999 |
_c1247257 _d1247254 |
||